000 00486nam a2200181Ia 4500
008 240925s9999 xx 000 0 und d
020 _a70530491
082 _a005.133 SMI
100 _aSmiley, John
245 0 _aLearn to Program with C#
250 _aNA
260 _aNew Delhi:
_bTata McGraw Hill
_c,2003.
300 _axii,622p.
_bNA
_fOriginal
500 _aIncludes Index
600 _aComputer Science
650 _aComputer science, information & general works
942 _cBK
999 _c7537
_d7537